Sous-genres de metal - Statistiques

Statistiques générales
  • Ce quiz a été pris 823 fois
  • Le résultat moyen est 9 sur 28
Statistiques - réponses
Réponse % Correct
Black
87%
Death
86%
Heavy
77%
Hardcore
64%
Doom
52%
Thrash
48%
Power
46%
Progressif
41%
Symphonique
40%
Neo
36%
Speed
34%
Speed
34%
Industriel
31%
Grindcore
29%
Folk
27%
Glam
26%
Stoner
21%
Sludge
18%
Dark
15%
Gothique
15%
Djent
14%
Post
11%
Avantgarde
6%
Drone
6%
Crust
4%
Fusion
4%
Atmosphérique
3%
Noise
3%
Aucun quiz correspondant
Distribution des résultats
% des personnes avec chaque résultat
Percentile par nombre de réponses
Votre historique - résultats
Vous n’avez pas pris ce quiz